000 00813nam a2200253Ia 4500
003 OSt
005 20220923225303.0
006 a|||||r|||| 00| 0
007 ta
008 220922b |||||||| |||| 00| 0 hin d
024 _a262,046
037 _cTextual
040 _aARTS
_cARTS
_bhin
041 _2hin
_ahin
082 _aO15,6x, [Q2]
100 _aचमोली, प्रेमदत्त
245 0 _aज्ञान संस्कृत - निबन्ध
246 _aJnyān sanskṛut - nibandha
260 _aमेरठ
_b ज्ञान प्रकाशन
_c2012
300 _a88पृ.
_ccm.
650 _aसंस्कृत साहित्य
942 _hO15,6x, [Q2]
_cTEXL
_2CC
999 _c377226
_d377226